00975 a2200145 4500003000500000005001700005040000900022082001400031100001600045245005100061260004300112300001200155505064700167650001500814NUST20230120182512.0 cNust a747.3,CAB aBros, Evans aCabinet construction:bthe woodworker Series / aLondonbEvans Brothers , Limitedc1963 a216 p,; aJoints in Carcase Work (Page-1), Cabinet and Table Tops (Page-24), Table and Chair Legs (Page-31), Cabinet Doors (Page-45), Barred Doors and Leaded Lights (Page-59), How to make Drawers (Page-66), Drawer Ralls and Runners (Page-78), How To Fit Cornices and Cappings (Page-85), Shapings in Cabinet Work (Page-99), Facing, Lining, and Lipping (Page-110), Rule Joint for Drop Leaves (Page-117), Inlaid Strings and Bandings (Page-124), Metal Fittings on Furniture (Page-137), Cabinet Backs and Back Framing (Page-149), Setting-out Boards (Page-167), Veneering (Page-171), Examples of Period Furniture and Metal Work-Twenty-Four Plates (Page-189). aWoodworker